00376pab a2200133 454500008004000000100002300040245006500063260000900128300001300137362000800150650002900158650002100187773003400208180718b2009 xxu||||| |||| 00| 0 eng d aSamaiyar, Priyajit aIntensifying son preference and declining sex ratio in India c2009 ap.73-82. aJan aSex distribution - India aSex distribution aIndian Journal of Social Work